000 00442nam a2200169 4500
001 127784
003 ES-MaACL
005 20230906193101.0
007 t|
008 070214s1976 mx r ||||1| spa d
100 1 _aRío, Marcela del.
_997309
245 1 0 _aProceso a Faubritten /
_cMarcela del Río.
250 _a1ª. ed.
260 _aMéxico :
_bAguilar,
_c1976.
300 _a351 p. ;
_c20 cm.
852 _aES-MaACL
_jA-7618
_bR.96477
999 _c127784
_d127784